Czech Republic (Czechia) country Quiz - Statistics

General Stats
  • This quiz has been taken 699 times
  • The average score is 8 of 16
Answer Stats
Hint Answer % Correct
Capital Prague
100%
Second largest city Brno
91%
Third largest city Ostrava
76%
River in Capital Vltava
73%
Fourth largest city Plzen
66%
Currency Koruna
64%
Highest point Snezka
62%
City known for Holy Trinity Column and on Morava River Olomouc
48%
Mountain range above is in. Sudetes
47%
Above is largest city in what major region? Moravia
43%
Largest castle in the world Prague Castle
41%
Morava River is tributary of what river? Danube
34%
River in answer to #2 Svratka and Svitava
22%
Mountain range forming natural border between Saxony and Bohemia Ore Mountains
4%
Mountain range forming natural border between Czech Republic and Slovakia Carpathian Mountains
2%
National park on Bavarian Border Sumava National Park
2%
No matching quizzes found
Score Distribution
Percent of People with Each Score
Percentile by Number Answered
Your Score History
You have not taken this quiz